Bird

Bibliographic Details
Main Author: Burnie, David
Format: Book
Published: London : Dorling Kindersley , 1991
Series:Eyewitness guides
Subjects:

MARC

LEADER 00000cam a2200000 7i4500
001 0000005233
005 20140104.0
020 |a 0863182704 
090 0 0 |a 001   |b EYE 
100 1 |a Burnie, David 
245 0 0 |a Bird   |c written by David Burnie 
260 |a London :   |b Dorling Kindersley ,   |c 1991 
300 |a 63p. :   |b illust ;   |c 29cm. 
490 0 |a Eyewitness guides 
650 0 0 |a Bird 
650 0 0 |a Dictionaries and encyclopedias 
999 |a 033620   |b BUKU   |c RUJUKAN   |e PERPUSTAKAAN KOMUNITI PETALING JAYA 
999 |a 133168   |b BUKU   |c JUNIOR BOOKS   |e PERPUSTAKAAN KOMUNITI PETALING JAYA